000 00300nam a22001337a 4500
008 181029b xxu||||| |||| 00| 0 eng d
020 _a9780312238872
041 _aeng
080 _a201
100 _a24
101 _aTEO
245 _aThe Craft of Religious Studies
_cStone, J.R
942 _2udc
_cBK
999 _c51052
_d51052